000 00420nam a2200157 i 4500
001 77148
003 ES-MaACL
005 20230906173111.0
007 t|
008 041007s1932 gt ||||1| spa d
100 1 _aGuzmán Riore, Darío.
_961322
245 1 0 _aCuentos chapines /
_cDarío Guzmán Riore.
260 _aGuatemala :
_bCentro Editorial,
_c1932.
300 _a270 p. ;
_c20 cm.
852 _aES-MaACL
_jB-12506
999 _c77148
_d77148